|
|
|
|
| LEADER |
01770nam a2200421 i 4500 |
| 001 |
EBC3545163 |
| 003 |
MiAaPQ |
| 005 |
20200520144314.0 |
| 006 |
m o d | |
| 007 |
cr cnu|||||||| |
| 008 |
150713s2014 sa ad ob 001 0 eng|d |
| 020 |
|
|
|z 9781868147632
|
| 020 |
|
|
|a 9781868147649
|q (electronic bk.)
|
| 035 |
|
|
|a (MiAaPQ)EBC3545163
|
| 035 |
|
|
|a (Au-PeEL)EBL3545163
|
| 035 |
|
|
|a (CaPaEBR)ebr11074340
|
| 035 |
|
|
|a (CaONFJC)MIL958645
|
| 035 |
|
|
|a (OCoLC)951038525
|
| 040 |
|
|
|a MiAaPQ
|b eng
|e rda
|e pn
|c MiAaPQ
|d MiAaPQ
|
| 050 |
|
4 |
|a HC905
|b .N49 2014
|
| 245 |
0 |
0 |
|a New South African review.
|n 4 /
|c edited by Gilbert M. Khadiagala [and three others].
|
| 246 |
3 |
|
|a Second phase-- tragedy or farce?
|
| 264 |
|
1 |
|a Johannesburg :
|b Wits University Press,
|c 2014.
|
| 300 |
|
|
|a 1 online resource (389 pages) :
|b illustrations
|
| 336 |
|
|
|a text
|2 rdacontent
|
| 337 |
|
|
|a computer
|2 rdamedia
|
| 338 |
|
|
|a online resource
|2 rdacarrier
|
| 504 |
|
|
|a Includes bibliographical references and index.
|
| 588 |
|
|
|a Description based on online resource; title from PDF title page (ebrary, viewed July 13, 2015).
|
| 590 |
|
|
|a Electronic reproduction. Ann Arbor, MI : ProQuest, 2015. Available via World Wide Web. Access may be limited to ProQuest affiliated libraries.
|
| 650 |
|
0 |
|a Economic development
|z South Africa
|v Periodicals.
|
| 651 |
|
0 |
|a South Africa
|x Economic conditions
|y 1991-
|v Periodicals.
|
| 651 |
|
0 |
|a South Africa
|x Politics and government
|y 1994-
|v Periodicals.
|
| 651 |
|
0 |
|a South Africa
|x Social conditions
|y 1994-
|v Periodicals.
|
| 655 |
|
4 |
|a Electronic books.
|
| 700 |
1 |
|
|a Khadiagala, Gilbert M.,
|e editor.
|
| 797 |
2 |
|
|a ProQuest (Firm)
|
| 856 |
4 |
0 |
|u https://ebookcentral.proquest.com/lib/matrademy/detail.action?docID=3545163
|z Click to View
|